Gautam Buddha / (Record no. 124805)

MARC details
000 -LEADER
fixed length control field 00650nam a22002297a 4500
005 - DATE AND TIME OF LATEST TRANSACTION
control field 20170124105944.0
010 ## - LIBRARY OF CONGRESS CONTROL NUMBER
LC control number A-702305
020 ## - INTERNATIONAL STANDARD BOOK NUMBER
Terms of availability 00.00
International Standard Book Number 8173861129
035 ## - SYSTEM CONTROL NUMBER
System control number A-702305
037 ## - SOURCE OF ACQUISITION
Source of stock number/acquisition Cen Lib/Ret
040 ## - CATALOGING SOURCE
Original cataloging agency DPL
Language of cataloging EN
082 ## - DEWEY DECIMAL CLASSIFICATION NUMBER
Classification number 250.33
Item number AHI
100 ## - MAIN ENTRY--PERSONAL NAME
Personal name Ahir, D.C.
9 (RLIN) 1484
245 ## - TITLE STATEMENT
Title Gautam Buddha /
Statement of responsibility, etc by D.C. Ahir
260 ## - PUBLICATION, DISTRIBUTION, ETC. (IMPRINT)
Name of publisher, distributor, etc Books for all
Place of publication, distribution, etc New Delhi
Date of publication, distribution, etc 1994
270 ## - ADDRESS
Address I, Ansari Road, Daryaganj
City New Delhi
Postal code 110002
300 ## - PHYSICAL DESCRIPTION
Extent 170p.
Dimensions 17m(Hb)
500 ## - GENERAL NOTE
General note Includes index.
650 ## - SUBJECT ADDED ENTRY--TOPICAL TERM
Topical term or geographic name as entry element Buddhasim
9 (RLIN) 12004
650 ## - SUBJECT ADDED ENTRY--TOPICAL TERM
Topical term or geographic name as entry element Gautam Buddha
9 (RLIN) 12005
942 ## - ADDED ENTRY ELEMENTS (KOHA)
Source of classification or shelving scheme Dewey Decimal Classification
Koha item type English Books
Classification part 250.33
Call number suffix AHI
Holdings
Withdrawn status Lost status Damaged status Not for loan Home library Current library Date acquired Source of acquisition Cost, normal purchase price Total Checkouts Total Renewals Full call number Barcode Date last seen Date checked out Copy number Cost, replacement price Price effective from Koha item type
        Central Library Central Library 18/06/2015 Cen Lib/Ret 0.00 1 1 250.33 AHI A-702305 23/12/2019 24/11/2019 1 0.00 18/06/2015 English Books

© Delhi Public Library
Hit Counter
free hit counter